000 00471nam a2200181Ia 4500
001 11582
005 20260306162838.0
008 260306t1988||||xx |||||||||||||| ||spa||
041 _aESP
082 _a985.4
_bG14
100 _aGaldos Rodríguez, Guillermo
_eAUT
245 0 _aNaciones oriundas en expansión y mitmaqs, en el valle de Arequipa
260 _c1988
300 _a38 páginas :
_c21 cm.
650 _aGEN
654 _aCHU
942 _cLIB
_dJUS
_fJUS
_2ddc
_n
999 _c11582
_d11582